Continents by Area - Statistics

General Stats
  • This quiz has been taken 14 times
  • The average score is 6 of 7
Answer Stats
Hint Answer % Correct
2nd largest Africa
100%
largest Asia
100%
3rd largest North America
100%
4th largest South America
93%
5th largest Antarctica
86%
6th largest Europe
86%
smallest Oceania
79%
No matching quizzes found
Score Distribution
Percent of People with Each Score
Percentile by Number Answered
Your Score History
You have not taken this quiz